Stili dell'informazione radiofonica (Record n. 100289)
[ formato base ]
| 000 -LEADER | |
|---|---|
| fixed length control field | 01364njm a2200325Ia 4500 |
| 001 - CONTROL NUMBER | |
| control field | 20715 |
| 003 - CONTROL NUMBER IDENTIFIER | |
| control field | IT-RoPAU |
| 005 - DATE AND TIME OF LATEST TRANSACTION | |
| control field | 20220918181127.0 |
| 008 - FIXED-LENGTH DATA ELEMENTS--GENERAL INFORMATION | |
| fixed length control field | 131025s9999 xx 000 0 und d |
| 040 ## - CATALOGING SOURCE | |
| Original cataloging agency | IT-RoPAU |
| 040 ## - CATALOGING SOURCE | |
| Transcribing agency | IT-RoPAU |
| 041 ## - LANGUAGE CODE | |
| Language code of text/sound track or separate title | ITALIANO |
| 999 ## - SYSTEM CONTROL NUMBERS (KOHA) | |
| Koha Dewey Subclass [OBSOLETE] | n.d. |
| 100 ## - MAIN ENTRY--PERSONAL NAME | |
| Personal name | Bersani Lello |
| 9 (RLIN) | 2683 |
| 100 ## - MAIN ENTRY--PERSONAL NAME | |
| Relator term | Autore testo |
| 9 (RLIN) | 2684 |
| 100 ## - MAIN ENTRY--PERSONAL NAME | |
| Miscellaneous information | Codice autore testo SPICS: 10761 |
| 9 (RLIN) | 2685 |
| 245 ## - TITLE STATEMENT | |
| Title | Stili dell'informazione radiofonica |
| 250 ## - EDITION STATEMENT | |
| Edition statement | 1a ed. |
| 260 ## - PUBLICATION, DISTRIBUTION, ETC. (IMPRINT) | |
| Place of publication, distribution, etc. | ROMA |
| 260 ## - PUBLICATION, DISTRIBUTION, ETC. (IMPRINT) | |
| Name of publisher, distributor, etc. | INFOR ACCADEMIA |
| Date of publication, distribution, etc. | 1978 [1a Ed.:1978 - Ed. Lingua Orig.: 1978] |
| 300 ## - PHYSICAL DESCRIPTION | |
| Extent | MUSICASSETTA |
| 500 ## - GENERAL NOTE | |
| General note | Parlato |
| 505 ## - FORMATTED CONTENTS NOTE | |
| Formatted contents note | Intervista a Lello Bersani - Stili dell'informazione radiofonica - Intervista a Nando Martellini - Intervista a Giuseppe Pedercini - Intervista a Vittorio Roidi |
| 650 ## - SUBJECT ADDED ENTRY--TOPICAL TERM | |
| Topical term or geographic name as entry element | PARLATO [CASSETTE] |
| Relator term | Codice MATERIA SPICS: 9951 |
| 9 (RLIN) | 2686 |
| 700 ## - ADDED ENTRY--PERSONAL NAME | |
| Personal name | AA.VV. |
| Dates associated with a name | Codice autore testo SPICS: 12000 |
| Relator term | Autore testo |
| Name of part/section of a work | Stili dell'informazione radiofonica |
| 9 (RLIN) | 2687 |
| 700 ## - ADDED ENTRY--PERSONAL NAME | |
| Personal name | Martellini Nando |
| Dates associated with a name | Codice autore testo SPICS: 11008 |
| Relator term | Autore testo |
| Name of part/section of a work | Intervista a Nando Martellini |
| 9 (RLIN) | 2688 |
| 700 ## - ADDED ENTRY--PERSONAL NAME | |
| Personal name | Pedercini Giuseppe |
| Dates associated with a name | Codice autore testo SPICS: 11062 |
| Relator term | Autore testo |
| Name of part/section of a work | Intervista a Giuseppe Pedercini |
| 9 (RLIN) | 2689 |
| 700 ## - ADDED ENTRY--PERSONAL NAME | |
| Personal name | Roidi Vittorio |
| Dates associated with a name | Codice autore testo SPICS: 11122 |
| Relator term | Autore testo |
| Name of part/section of a work | Intervista a Vittorio Roidi |
| 9 (RLIN) | 2690 |
| 942 ## - ADDED ENTRY ELEMENTS (KOHA) | |
| Koha item type | MUSICASSETTE |
| Source of classification or shelving scheme | Dewey Decimal Classification |
| Withdrawn status | Lost status | Damaged status | Not for loan | Home library | Current library | Date acquired | Total Checkouts | Full call number | Date last seen | Price effective from | Koha item type | Public note |
|---|---|---|---|---|---|---|---|---|---|---|---|---|
| Buone Condizioni | Not For Loan | SPICS-MEDIATECA | SPICS-MEDIATECA | 25/10/2013 | 20715 | 25/10/2013 | 25/10/2013 | MUSICASSETTE | Progr. Ins.: 3662 / N.Vol.: n.d. / Copie: 1 - Copia rara: n.d. / date import: 01.01.2014 - By Epidotti, Trombetti, Vaglietti |